000 00975nam a2200193 i 4500
001 157641
003 ES-MaACL
005 20251117122630.0
008 040906m18381840fr |||| | fre d
040 _aCAM
_bspa
_cCAM
245 0 0 _aLettres édifiantes et curieuses concernant l'Asie, l'Afrique et l'Amérique
_b: avec quelques relations nouvelles des missions et des notes géographiques et historiques /
_cpubliées sous la direction de M.L. Aimé-Martin.
260 _aParis :
_bAuguste Desrez,
_c1838-1840.
300 _a2 v. (820 ; 807 p.) ;
_c27 cm.
505 8 _aContiene: Tome 1, Grèce-Turquie-Syrie-Arménie-Perse-Egypte-Amérique septentrionale ; Tome 2, Guyanes-Pérou-Californie-Chili-Paraguay-Brésil-Buenos-Ayres-Indoustan-Bengale-Gingi-Golconde-Maduré-Carnate-Tanjaour-Marhate
610 0 4 _aJesuitas-
_xMisiones.
_95357
700 1 _aMartin, Louis-Aimé,
_d1781-1847
_918977
852 _aES-MaACL
_jG-13769-70
_z-- Enc. hol.
999 _c157641
_d157641